Inkognito, ergo sum

Bibliographic Details
Main Author: Pisár, Vlado, 1974- (Author)
Format: Article
Language:Slovak
ISSN:1335-1702
Subjects:

MARC

LEADER 00000nab a2200000 a 4500
001 vtls000828668
003 SK-MaSNL
005 20260305010930.0
008 250505c2002 xo 0 slo
015 |a SNBRB2003/03-08508 
035 |a CLN000180323 
035 |a urn:nbn:sk:snk-ab9xiq 
035 |a (urnnbn)urn:nbn:sk:snk:ar-a093k8 
035 |a (uuid)0f7b9536-03fc-4c41-8b88-43a9e140517e 
040 |a SNKBUCL  |b slo  |c SNKBUCL  |e AACR2 
041 0 |a slo 
044 |a xo  |c SK 
080 |a 82.09:885.4-3(048)  |2 1997 
080 |a 885.4-3(048)  |2 1997 
100 1 |a Pisár, Vlado,  |d 1974-  |4 aut  |9 122162 
245 1 0 |a Inkognito, ergo sum  |c Vlado Pisár 
650 0 7 |a slovenské romány  |2 snkbucl  |9 103163 
655 7 |a recenzie  |2 snkbucl  |9 21907 
655 7 |a články z novín a časopisov  |2 snkbucl  |9 267496 
773 0 |t RAK  |g Roč. 7, č. 7-8 (2002), s. 106  |x 1335-1702 
787 0 8 |i Rec.:  |a Matkin, Maxim E.  |t Polnočný denník  |d Bratislava : Slovart, 2002  |z 8071456713 
850 |a Slovenská národná knižnica 
852 |a Slovenská národná knižnica 
954 |a odborná, vedecká literatúra pôvodná (slovenská)  |2 lita 
958 |a article13 
958 |a OND 
958 |a LX 
958 |a SK 
958 |a RC 
958 |a EUIPO 
992 |a RBX 
999 |c 3249621  |d 3251551